• 首页
  • 本馆介绍
  • 公告通知
  • 最新文献
  • 馆藏检索
  • 电子资源
  • 读者导购
  • 参考咨询
  • 我的图书馆
  • 登录
  • 详细信息显示
  • 放入我的书架
  • 预约/预借图书
  • 作者相关作品
  • 分类相关作品
  • 丛书相关作品
  • 出版社相关作品

书目信息

  • 表格格式
  • 工作单格式
  • 卡片格式
题名:
西方经典音乐作品萨克斯管演奏指导
    
 
作者: 王震 编著
分册:   浪漫主义时期
出版信息: 上海   上海音乐出版社  2014
页数: 107页
开本: 31cm
丛书名:
单 册:
中图分类: J621.2
科图分类:
主题词: 萨克管--器乐史--西方国家 , 萨克管--吹奏法
电子资源:
ISBN: 978-7-5523-0572-2
000 01035nam0 2200241 450
001 340451
005 20150625154435.21
010    @a978-7-5523-0572-2@dCNY34.00
100    @a20140616d2014 em y0chiy0110 ea
101 0  @achi
102    @aCN@b310000
105    @ay z 000yy
106    @ar
200 1  @a西方经典音乐作品萨克斯管演奏指导@Axi fang jing dian yin le zuo pin sa ke si guan yan zou zhi dao@i浪漫主义时期@e1820-1900年@f王震编著
210    @a上海@c上海音乐出版社@d2014
215    @a107页@d31cm
330    @a西方经典音乐作品之《萨克斯管演奏指导》通过音乐与其他领域的知识融合, 生动再现了每一个时代的艺术风采。全系列共五册, 每册按照固定体例, 分别论及社会、政治、文化对音乐的影响;音乐的功能与作用;音乐风格形式和体裁;乐器的发展以及伟大作曲家的成就。作者收集了数百幅历史珍贵图片资料, 使读者能够对古往今来的许多音乐场景如临其境。
606 0  @a萨克管@x器乐史@x西方国家
606 0  @a萨克管@x吹奏法
690    @aJ621.2@v5
701  0 @a王震@Awang zhen@4编著
801  0 @aCN@b卓展宏图@c20150525
905    @dJ621.2@e256:4@f4
    
    西方经典音乐作品萨克斯管演奏指导.浪漫主义时期:1820-1900年/王震编著.-上海:上海音乐出版社,2014
    107页;31cm
    
    
    ISBN 978-7-5523-0572-2:CNY34.00
    西方经典音乐作品之《萨克斯管演奏指导》通过音乐与其他领域的知识融合, 生动再现了每一个时代的艺术风采。全系列共五册, 每册按照固定体例, 分别论及社会、政治、文化对音乐的影响;音乐的功能与作用;音乐风格形式和体裁;乐器的发展以及伟大作曲家的成就。作者收集了数百幅历史珍贵图片资料, 使读者能够对古往今来的许多音乐场景如临其境。
●
相关链接 在E读中查询图书 在五车中查询图书 在当当中查询图书 在豆瓣中查询图书


正题名:西方经典音乐作品萨克斯管演奏指导     索取号:J621.2/256:4         预约/预借

序号 登录号 条形码 馆藏地/架位号 状态 备注
1 865725   208657256   第一样本阅览室/ [索取号:J621.2/256:4] 在馆    
2 865726   208657265   第一借阅区/ [索取号:J621.2/256:4] 在馆    
3 865727   208657274   第一借阅区/ [索取号:J621.2/256:4] 在馆    
4 865728   208657283   音乐系资料室/ [索取号:J621.2/256:4] 在馆    
唐山师范学院图书馆 欢迎您!
大连网信软件有限公司© 版权所有